01224cam a22002892 450000100060000000300080000600500170001400800390003103500190007004000370008904100080012608200170013410000270015124501050017826000480028330000240033149000410035550000410039650400600043765000660049783000170056383000410058094200120062199900170063395201430065095201410079324467BD-RjUL20211209001044.0140313r19511950ctu b 001 0 eng a(BD-RjUL)24534 aDLCcCSUdSERdEQOdBD-RjULbeng aeng a330.973bJAS1 aJaneway, Eliot.97531914aThe struggle for survival :ba chronicle of economic mobilization in World War II. /cEliot, Janeway aNew Haven :bYale University Press,cc1951. av, 382 p. ;c21 cm.1 aChronicles of America series,vv. 53 a"A bookstore edition."--Dust jacket. a Includes "Bibliographical note": p. 362-372 and index. 0aWorld War, 1939-1945xEconomic aspectszUnited States.975320 0vv. 53975327 0aChronicles of America series,975328 2ddccBK c24467d24467 00102ddc40728NFICaRUCLbRUCLcReadingd1955-08-09eO.U.P. dhakag20.00l0o330.973 JAS 1951r2014-03-13 00:00:00tC-2w2021-12-09yBK 00102ddc40728NFICaRUCLbRUCLcStackd1955-06-25eO.U.P. dhakag18.00l0o330.973 JAS 1951r2014-03-13 00:00:00tC-1w2014-03-13yBK